| 000 | 00569nam a2200193 u 4500 | ||
|---|---|---|---|
| 005 | 20210223131314.0 | ||
| 008 | 100614s2008 es r 000 0 spa d | ||
| 020 | _a9788498411973 | ||
| 035 | _aUPN01000176482 | ||
| 049 | _aCG | ||
| 050 | 4 |
_aPL2481 _bC8.3 |
|
| 245 | 0 | 0 |
_aCuentos chinos del Río Amarillo / _ced. Imelda Huang Wang. |
| 260 |
_aMadrid : _bSiruela, _c2008. |
||
| 300 | _a207 p. | ||
| 440 | 4 |
_aLas tres edades ; _v8. _pBiblioteca de cuentos populares |
|
| 650 | 4 |
_aCUENTOS CHINOS _912681 |
|
| 700 | 1 |
_aHuang Wang, Imelda, _d1957- , _eed. |
|
| 905 | _aLibro | ||
| 999 |
_c148585 _d148585 |
||